header

Creating and deploying solutions with IBM Integrated Runtime V1.1 (Record no. 106567)

MARC details
000 -LEADER
fixed length control field 01341nam a2200337Ia 4500
245 00 - TITLE STATEMENT
Title Creating and deploying solutions with IBM Integrated Runtime V1.1
250 ## - EDITION STATEMENT
Edition statement 1st ed.
260 ## - PUBLICATION, DISTRIBUTION, ETC. (IMPRINT)
Place of publication Rochester, MN :
Name of publisher IBM,
Year of publication c2004.
300 ## - PHYSICAL DESCRIPTION
Number of Pages xiv, 326 p. :
Other physical details ill.
490 1# - SERIES STATEMENT
Series statement Redbooks
500 ## - GENERAL NOTE
General note "December 2004."
General note "This edition applies to Version 1 Release 1 of IBM Integrated Runtime, product number 5724-F71."
650 #0 - SUBJECT ADDED ENTRY--TOPICAL TERM
Topical Term IBM software.
Topical Term Application software
Topical Term Middleware.
700 1# - ADDED ENTRY--PERSONAL NAME
Personal name Bick, Shih-in.
856 40 - ELECTRONIC LOCATION AND ACCESS
Uniform Resource Identifier http://site.ebrary.com/lib/rucke/Doc?id=10112459

No items available.

© 2026 Rongo University
Contact us: librarian | system librarian | Rongo university